Kỹ thuật sinh sản và nuôi cá tra : Pangasianodon hypophthalmus (Sauvage 1878)
Cuốn sách được trình bày từ những kinh nghiệm thực tế của nhiều trại giống ở Tân Châu, Hồng Ngự cho sinh sản nhân tạo cá tra giống và những trại nuôi cá tra thương phẩm ở Cần Thơ, Vĩnh Long, Hậu Giang, An Giang....
Bewaard in:
| Hoofdauteur: | |
|---|---|
| Formaat: | Boek |
| Taal: | Undetermined |
| Gepubliceerd in: |
Thành phố Hồ Chí Minh
Nông nghiệp
2008
|
| Onderwerpen: | |
| Tags: |
Voeg label toe
Geen labels, Wees de eerste die dit record labelt!
|
| Thư viện lưu trữ: | Trung tâm Học liệu Trường Đại học Cần Thơ |
|---|
| LEADER | 01021nam a2200217Ia 4500 | ||
|---|---|---|---|
| 001 | CTU_132308 | ||
| 008 | 210402s9999 xx 000 0 und d | ||
| 020 | |c 22000 | ||
| 082 | |a 639.31 | ||
| 082 | |b Ch513 | ||
| 100 | |a Nguyễn, Chung | ||
| 245 | 0 | |a Kỹ thuật sinh sản và nuôi cá tra : | |
| 245 | 0 | |b Pangasianodon hypophthalmus (Sauvage 1878) | |
| 245 | 0 | |c Nguyễn Chung | |
| 260 | |a Thành phố Hồ Chí Minh | ||
| 260 | |b Nông nghiệp | ||
| 260 | |c 2008 | ||
| 520 | |a Cuốn sách được trình bày từ những kinh nghiệm thực tế của nhiều trại giống ở Tân Châu, Hồng Ngự cho sinh sản nhân tạo cá tra giống và những trại nuôi cá tra thương phẩm ở Cần Thơ, Vĩnh Long, Hậu Giang, An Giang. | ||
| 650 | |a Fisheries,Fishes-culture,Freshwater fishes,Cá nước ngọt,Pangasianodon hypophthalmus | ||
| 904 | |i Giang | ||
| 980 | |a Trung tâm Học liệu Trường Đại học Cần Thơ | ||